01318nam a2200325Ia 4500001001200000003000800012006001900020007001500039008004100054010001700095020001500112020001500127040002100142035002100163050002400184082001600208245014900224260004300373300001500416504005100431533015200482650004100634651004800675651005700723655002900780700002300809710001700832856012600849999001700975ebr10135436CaPaEBRm u cr cn|||||||||030606s2004 nyu sb 101 0 eng d z 2003054932 z1403980209 z1403963320 aCaPaEBRcCaPaEBR a(OCoLC)64753490014aDR1313b.R44 2004eb04a949.70322100aReflections on the Balkan warsh[electronic resource] :bten years after the break-up of Yugoslavia /cedited by Jeffrey S. Morton ... [et al.]. aNew York :bPalgrave Macmillan,c2004. axv, 260 p. aIncludes bibliographical references and index. aElectronic reproduction.bPalo Alto, Calif. :cebrary,d2007.nAvailable via World Wide Web.nAccess may be limited to ebrary affiliated libraries. 0aYugoslav War, 1991-1995vCongresses. 0aYugoslaviaxHistoryy1992-2003vCongresses. 0aBalkan PeninsulaxHistoryy20th centuryvCongresses. 7aElectronic books.2local1 aMorton, Jeffrey S.2 aebrary, Inc.40uhttp://site.ebrary.com/lib/rucke/Doc?id=10135436zAn electronic book accessible through the World Wide Web; click to view c85083d85083